Hard-switching losses in power FETs : (Record no. 19530)
[ view plain ]
| 000 -LEADER | |
|---|---|
| fixed length control field | 00971nam a22002417a 4500 |
| 003 - CONTROL NUMBER IDENTIFIER | |
| control field | OSt |
| 005 - DATE AND TIME OF LATEST TRANSACTION | |
| control field | 20250827102112.0 |
| 008 - FIXED-LENGTH DATA ELEMENTS--GENERAL INFORMATION | |
| fixed length control field | 240305b ||||| |||| 00| 0 eng d |
| 040 ## - CATALOGING SOURCE | |
| Transcribing agency | 0 |
| 082 ## - DEWEY DECIMAL CLASSIFICATION NUMBER | |
| Classification number | DPer 621.317 Ie21 July 2022 v.37 n. 7 |
| 100 ## - MAIN ENTRY--PERSONAL NAME | |
| Personal name | Perera, Nirmana. |
| Relator term | author. |
| 9 (RLIN) | 54013 |
| 245 ## - TITLE STATEMENT | |
| Title | Hard-switching losses in power FETs : |
| Remainder of title | the role of output capacitance / |
| 260 ## - PUBLICATION, DISTRIBUTION, ETC. (IMPRINT) | |
| Place of publication, distribution, etc. | New York ; |
| Name of publisher, distributor, etc. | The Institute of Electrical and Electronics Engineers, Inc. , |
| Date of publication, distribution, etc. | July 2022. |
| 300 ## - PHYSICAL DESCRIPTION | |
| Extent | volume 37, pages 7604-7616 : |
| Other physical details | illustration ; |
| Dimensions | 28 cm. |
| 500 ## - GENERAL NOTE | |
| General note | IEEE Transaction on Power Electronics Society, vol. 37, no. 7, pages 7604-7616,July 2022. |
| 700 ## - ADDED ENTRY--PERSONAL NAME | |
| Personal name | Perera, Nirmana. |
| Relator term | author. |
| 9 (RLIN) | 54013 |
| 700 ## - ADDED ENTRY--PERSONAL NAME | |
| Personal name | Jafari, Armin. |
| Relator term | author. |
| 9 (RLIN) | 54014 |
| 700 ## - ADDED ENTRY--PERSONAL NAME | |
| Personal name | Soleimanzadeh, Reza. |
| Relator term | author. |
| 9 (RLIN) | 54015 |
| 700 ## - ADDED ENTRY--PERSONAL NAME | |
| Personal name | Bollier, Nicolas. |
| Relator term | author. |
| 9 (RLIN) | 54016 |
| 700 ## - ADDED ENTRY--PERSONAL NAME | |
| Personal name | Abeyratne, Sunil Gamini. |
| Relator term | author. |
| 9 (RLIN) | 54017 |
| 700 ## - ADDED ENTRY--PERSONAL NAME | |
| Personal name | Matioli, Elison. |
| Relator term | author. |
| 9 (RLIN) | 54018 |
| 942 ## - ADDED ENTRY ELEMENTS (KOHA) | |
| Source of classification or shelving scheme | Dewey Decimal Classification |
| Koha item type | Periodicals |
| Withdrawn status | Lost status | Source of classification or shelving scheme | Damaged status | Not for loan | Collection code | Home library | Current library | Date acquired | Total Checkouts | Full call number | Date last seen | Price effective from | Koha item type | Public note |
|---|---|---|---|---|---|---|---|---|---|---|---|---|---|---|
| Dewey Decimal Classification | Periodicals | UM Digos College - LIC | UM Digos College - LIC | 03/05/2024 | DPer 621.317 Ie21 July 2022 v. 37 n. 7 | 03/05/2024 | 03/05/2024 | Periodicals | Periodical Article |
